Komunikačný mix v podniku služieb bakalárska práca

Uložené v:
Podrobná bibliografia
Hlavný autor: Rošková, Alexandra
Korporativný autor: Obchodná fakulta EU. Katedra služieb a cestovného ruchu - zrušené
Ďalší autori: Šuterová, Viola, 1957-
Médium: Kniha
Jazyk:Slovak
Vydavateľské údaje: Bratislava 2009
Tagy: Pridať tag
Žiadne tagy, Buďte prvý, kto otaguje tento záznam!

MARC

LEADER 00000nam$a2200000$$$4500
001 0102839
005 20240318140149.4
041 0 |a slo 
044 |a SK 
245 1 0 |a Komunikačný mix v podniku služieb  |b bakalárska práca  |c Alexandra Rošková ; škol. Viola Šuterová 
264 1 |a Bratislava  |c 2009 
300 |a 54 s. 
100 1 |a Rošková, Alexandra 
700 1 |a Šuterová, Viola, 1957- 
710 2 |a Obchodná fakulta EU. Katedra služieb a cestovného ruchu - zrušené